Velcí čeští národohospodáři

Univerzitná a verejná činnosť Karla Engliša. Jeho snaha o stabilizáciu meny v 20. a 30. rokoch. Englišova teleologická teória národohospodárska. Vedecká literárna činnosť Karla Engliša.

Gespeichert in:
Bibliographische Detailangaben
1. Verfasser: Vencovský, František
Format: Buchkapitel
Sprache:Tschechisch
Schlagworte:
Tags: Tag hinzufügen
Keine Tags, Fügen Sie das erste Tag hinzu!

MARC

LEADER 00000naa a2200000 4500
001 r035762
005 20230920095951.3
041 0 |a cze 
044 |a CZ 
245 1 0 |a Velcí čeští národohospodáři  |c František Vencovský 
520 |a Univerzitná a verejná činnosť Karla Engliša. Jeho snaha o stabilizáciu meny v 20. a 30. rokoch. Englišova teleologická teória národohospodárska. Vedecká literárna činnosť Karla Engliša. 
610 2 0 |a veda ekonomická 
610 2 0 |a metodológia 
610 2 0 |a životopisy 
610 2 0 |a metódy výskumu 
610 2 0 |a teórie ekonomické 
610 2 0 |a história 
610 2 0 |a Engliš, K. 
100 1 |a Vencovský, František